Fundamentals of financial management. -- 12th ed. (Record no. 63353)
[ view plain ]
| 000 -LEADER | |
|---|---|
| fixed length control field | 01225nam a2200241 a 4500 |
| 008 - FIXED-LENGTH DATA ELEMENTS--GENERAL INFORMATION | |
| fixed length control field | 120416s2001 ||||||||||||||||| || u |
| 020 ## - INTERNATIONAL STANDARD BOOK NUMBER | |
| International Standard Book Number | 0273685988 |
| 050 ## - LIBRARY OF CONGRESS CALL NUMBER | |
| Classification number | HG 4011 Van |
| 100 ## - MAIN ENTRY--PERSONAL NAME | |
| Personal name | Van Horne, James C |
| 245 10 - TITLE STATEMENT | |
| Title | Fundamentals of financial management. -- 12th ed. |
| Statement of responsibility, etc. | James C Van Horne and John M. Wachowicz |
| 250 ## - EDITION STATEMENT | |
| Edition statement | 12th ed. |
| 260 ## - PUBLICATION, DISTRIBUTION, ETC. | |
| Place of publication, distribution, etc. | Harlow, Essex: |
| Name of publisher, distributor, etc. | Pearson |
| Date of publication, distribution, etc. | 2001 |
| 300 ## - PHYSICAL DESCRIPTION | |
| Extent | xxiv, 712p. : ill. |
| 350 ## - | |
| -- | 0.00 |
| 650 ## - SUBJECT ADDED ENTRY--TOPICAL TERM | |
| Topical term or geographic name entry element | CORPORATIONS--FINANCE |
| 650 #0 - SUBJECT ADDED ENTRY--TOPICAL TERM | |
| Topical term or geographic name entry element | BUSINESS |
| 650 ## - SUBJECT ADDED ENTRY--TOPICAL TERM | |
| Topical term or geographic name entry element | BUSINESS ENTERPRISES--FINANCE |
| 700 ## - ADDED ENTRY--PERSONAL NAME | |
| Personal name | Wachowicz, John M |
| 995 ## - | |
| -- | SHORT LOAN BOOKS |
| -- | 0.00 |
| -- | 736858 |
| -- | CBU-MAIN LIBRARY (Kitwe) |
| -- | 1 |
| -- | 0.00 |
| -- | HG 4011 Van |
| -- | 4 |
| -- | AVAILABLE |
| -- | Apr 20, 2011 |
| -- | 736858 |
| -- | Short Loan Collection |
| 995 ## - | |
| -- | BINDERY (DAMAGED) |
| -- | 0.00 |
| -- | 736857 |
| -- | CBU-MAIN LIBRARY (Kitwe) |
| -- | 1 |
| -- | 20.00 |
| -- | HG 4011 Van |
| -- | 1 |
| -- | DAMAGED |
| -- | 40061 |
| -- | Main Library Open Access Collection |
| 995 ## - | |
| -- | MAIN LIBRARY OPEN ACCESS |
| -- | 0.00 |
| -- | 742174 |
| -- | CBU-MAIN LIBRARY (Kitwe) |
| -- | 1 |
| -- | 0.00 |
| -- | HG 4011 Van |
| -- | 3 |
| -- | AVAILABLE |
| -- | Dec 15, 2010 |
| -- | 742174 |
| -- | Main Library Open Access Collection |
| 995 ## - | |
| -- | BINDERY (DAMAGED) |
| -- | 0.00 |
| -- | 736859 |
| -- | CBU-MAIN LIBRARY (Kitwe) |
| -- | 2 |
| -- | 20.00 |
| -- | HG 4011 Van |
| -- | 2 |
| -- | DAMAGED |
| -- | Jul 26, 2006 |
| -- | 40078 |
| -- | Main Library Open Access Collection |
| 999 ## - | |
| -- | 63353 |
| -- | 63353 |
| Withdrawn status | Lost status | Source of classification or shelving scheme | Damaged status | Not for loan | Permanent Location | Current Location | Shelving location | Date acquired | Total Checkouts | Full call number | Barcode | Date last seen | Price effective from | Koha item type |
|---|---|---|---|---|---|---|---|---|---|---|---|---|---|---|
| CBU-MAIN LIBRARY, KITWE. | CBU-MAIN LIBRARY, KITWE. | 12/24/2022 | HG 4011 Van | 736858 | 12/24/2022 | 12/24/2022 | MONOGRAPH | |||||||
| CBU-MAIN LIBRARY, KITWE. | CBU-MAIN LIBRARY, KITWE. | 12/24/2022 | HG 4011 Van | 40061 | 12/24/2022 | 12/24/2022 | MONOGRAPH | |||||||
| CBU-MAIN LIBRARY, KITWE. | CBU-MAIN LIBRARY, KITWE. | 12/24/2022 | HG 4011 Van | 742174 | 12/24/2022 | 12/24/2022 | MONOGRAPH | |||||||
| CBU-MAIN LIBRARY, KITWE. | CBU-MAIN LIBRARY, KITWE. | 12/24/2022 | HG 4011 Van | 40078 | 12/24/2022 | 12/24/2022 | MONOGRAPH |